000 00358pam a2200157a 44500
008 230515b1986 xxu||||| |||| 00| 0 eng d
020 _aNULL
041 _aENGLISH
082 _a630
100 _a8826-1978
245 _aGUIDELINES FOR DESIGN OF LARGE AND ROCK FILL DAME
250 _a0
260 _aDELHI
_bISI
_c1986
300 _a12
650 _aNULL
999 _c651994
_d651994